000 00586cam a22002053a 4500
001 41338
003 PGUSA
005 20140828083930.0
008 121110s2012||||xxu|||||s|||||000 | eng d
040 _aPGUSA
_beng
042 _adc
100 1 _aHerrick, Robert,
_d1868-1938
245 1 4 _aThe Memoirs of an American Citizen
_h[electronic resource] /
_cRobert Herrick
260 _bProject Gutenberg,
_c2012
506 _aPublic domain in the USA.
516 _aElectronic text
830 0 _aProject Gutenberg
_v41338
856 4 0 _uhttp://www.gutenberg.org/ebooks/41338
942 _cEB
999 _c270590
_d270590